000 00301nam a2200121Ia 4500
008 220216s9999 xx 000 0 und d
245 4 _aThe tyre industry of western Europe
260 _bAutomotive Rubber Trends
_c1999
300 _a47-63
650 _aEurope
650 _aTyre industry
942 _cJS
999 _c71109
_d71109